000 00374 a2200145 4500
001 148652
040 _cEscola São Tomás de Aquino
100 _aQUEIRÓS, Bartolomeu Campos de
240 1 0 _aPé de sapo e sapato de pato
_lpor
245 1 0 _aPé de sapo e sapato de pato
362 0 _a2004
440 1 _aEditora do Brasil
697 _a*LITERATURA INFANTO
942 _cBK
999 _c148652
_d148652